000 00673nam a2200229Ia 4500
003 OSt
005 20220925191453.0
006 a|||||r|||| 00| 0
007 ta
008 220923b |||||||| |||| 00| 0 eng d
037 _cGeneral Book
040 _aRTL
_cRTL
_beng
041 _2eng
_aeng
082 _aY35.275T.M50<--M36, L8
100 _aRay Choudhury Ranabir
_9242158
245 0 _aGlimpses of old Calcutta, 1836-50
260 _aBombay
_bNahiketa Publications
_c1978
300 _a114p
_ccm.
650 _aCity Sociology
_9235611
942 _hY35.275T.M50<--M36, L8
_cGB
_2CC
999 _c518607
_d518607